Memoirs of Caroline Elizabeth Smelt ... : compiled from authentic papers ... /

Bibliographic Details
Main Author: Waddel, Moses, 1770-1840
Format: Book
Language:English
Published: London : Mason, 1829.
Subjects:

MARC

Tag First Indicator Second Indicator Subfields
LEADER 00000cam a2200000 4500
001 in00000056395
005 20151007081927.0
008 800425s1829 enk 00010beng d
035 |a (OCoLC)06246493 
035 |9 AAF7113AM 
040 |a TXA  |c TXA  |d UtOrBLW 
049 |a TXAM  |c [301177] 
090 |a CT275.S5237  |b W3 1829 
092 |a 243  |b S638w 
100 1 |a Waddel, Moses,  |d 1770-1840. 
245 1 0 |a Memoirs of Caroline Elizabeth Smelt ... :  |b compiled from authentic papers ... /  |c Rev. and corrected with an introduction by the Rev. David McNicoll. 
264 1 |a London :  |b Mason,  |c 1829. 
300 |a 178 pages 
336 |a text  |b txt  |2 rdacontent 
337 |a unmediated  |b n  |2 rdamedia 
338 |a volume  |b nc  |2 rdacarrier 
600 1 0 |a Smelt, Caroline Elizabeth,  |d 1800-1817. 
999 |a MARS 
999 f f |s 0d8e4637-1985-3f8c-85a0-4ef7270fb967  |i 7d252268-d805-3237-b527-dda0dbf47550  |t 0 
952 f f |p noncirc  |a Texas A&M University  |b College Station  |c Cushing Memorial Library & Archives  |d Cushing: Rare Books (Does not check out)  |t 0  |e CT275.S5237 W3 1829  |h Library of Congress classification  |i unmediated -- volume  |m A14800610446 
998 f f |a CT275.S5237 W3 1829  |t 0  |l Cushing: Rare Books (Does not check out)